Monaco or San Marino? - Statistics

General Stats
  • This quiz has been taken 78 times
  • The average score is 12 of 15
Answer Stats
Question Answer % Correct
Borders the Mediterranean Sea? Monaco
100%
Has a monarchy? Monaco
100%
Became independent in 301 AD? San Marino
100%
Has never won a medal at the Olympic Games? Both
83%
Is not a member of the EU? Both
83%
Shares its name with its capital city? Both
83%
Uses the euro? Both
83%
Is the least visited country in Europe? San Marino
83%
Made Abraham Lincoln an honorary citizen? San Marino
83%
Has a population lower than 50,000? Both
67%
Relies on another country for its defence? Both
67%
Has a GDP per capita of over 180,000 US dollars? Monaco
67%
Bans its citizens from gambling? Monaco
67%
Has a national football team which is a member of FIFA and UEFA? San Marino
67%
Has won the Eurovision Song Contest? Monaco
33%
No matching quizzes found
Score Distribution
Percent of People with Each Score
Percentile by Number Answered
Your Score History
You have not taken this quiz